00552nam a2200193 a 4500001001300000003000900013005001700022008004100039020002300080082001800103100001800121245006200139260005100201300000900252500003500261505001500296650002900311700001800340nice12345678IN_TiNIC20260116015101.0050524s2004 hona grp 000 0 eng  a9627439 c10000a261.8362bPER aPer Larsson,  aYour Will Be Done on Earthb Ecological Theology for Asia aHong KongbChristian Conference of Asia c2004 a140p aincludes index and biblioraphy2 aAppendices aEcology and Christianity1 aPer Larsson,